000 00296nam a2200109Ia 4500
008 200302s9999 xx 000 0 und d
100 _aPaul Oliver
245 _aCultural Issues In Vernacular Architecture -Built To Meet Needs(Ukp 65)
260 _bElsevier Ltd, NW
260 _c2006
300 _a445
999 _c4623
_d4623